000 01154nam a2200133Ia 4500
008 220620s9999||||xx |||||||||||||| ||und||
100 _aMentz, Elsa||Bailey, Roxanne||Bosch, Chantelle||Breed, Betty||Bunt, Byron J.||Chigona, Wallace||De Beer, Josef||de Lange, Monica||du Toit-Brits, Charlene||Geduld, Bernadette||Grosser, Mary||Jagals, Divan||Laubscher, Dorothy||Mdakane, Marry||Petersen, Neal||Sekano, Keabetswe Gordon||Uys, Walter Ferreira||van Zyl, Sukie||Verster, Marisa
245 0 _aSelf-directed learning research and its impact on educational practice
546 _aEnglish[eng]
650 _aEducational practice||Self-directed learning||SDL||Teacher professional development||Technology-supported cooperative learning||Life-long learning||Deeper self-directed learning
700 _aMentz, Elsa||Bailey, Roxanne
856 _uhttps://library.oapen.org/bitstream/20.500.12657/48739/1/9781928523451.pdf||https://library.oapen.org/bitstream/20.500.12657/48739/1/9781928523451.pdf||https://library.oapen.org/bitstream/20.500.12657/48739/1/9781928523451.pdf||https://library.oapen.org/bitstream/20.500.12657/48739/1/9781928523451.pdf
942 _cEB
999 _c24250
_d24250